Tribhuvan University Central Library

Hutti (Record no. 51259)

MARC details
000 -LEADER
fixed length control field 00471 a2200169 4500
082 ## - DEWEY DECIMAL CLASSIFICATION NUMBER
Classification number 622.342
Item number C944h
100 ## - MAIN ENTRY--PERSONAL NAME
Personal name Curtis, L C
9 (RLIN) 11536
245 ## - TITLE STATEMENT
Title Hutti
Remainder of title gold mine a future
260 ## - PUBLICATION, DISTRIBUTION, ETC.
Place of publication, distribution, etc. Banglore
Name of publisher, distributor, etc. Geological Society of India
Date of publication, distribution, etc. 1990
300 ## - PHYSICAL DESCRIPTION
Extent vi, 123p.
Other physical details illus., tables.
440 ## - SERIES STATEMENT/ADDED ENTRY--TITLE
Title Mineral resources of India,
Number of part/section of a work 2
9 (RLIN) 11537
504 ## - BIBLIOGRAPHY, ETC. NOTE
Bibliography, etc. note Bibliography : p. 103-104
650 ## - SUBJECT ADDED ENTRY--TOPICAL TERM
Topical term or geographic name entry element Gold
650 ## - SUBJECT ADDED ENTRY--TOPICAL TERM
Topical term or geographic name entry element Markets
9 (RLIN) 3799
653 ## - INDEX TERM--UNCONTROLLED
Uncontrolled term Mines and mining
942 ## - ADDED ENTRY ELEMENTS (KOHA)
Source of classification or shelving scheme Dewey Decimal Classification
Koha item type General Collections
Holdings
Withdrawn status Lost status Source of classification or shelving scheme Damaged status Not for loan Home library Current library Date acquired Total Checkouts Full call number Barcode Date last seen Price effective from Koha item type
    Dewey Decimal Classification     Tribhuvan University Central Library Tribhuvan University Central Library 01/17/2011   622.342 C944h 99154 01/17/2011 01/17/2011 General Collections